000 00397nam a22001691a 4500
020 _a9789380081281
082 _aM3 (FTr.)
_bMOY/M
100 _aMoYan
245 _aMaattam/
_cby MoYan
260 _bRaspberry Books,
_c2013.
_a
300 _a113p.
650 _aTranslation Chinese Novel
650 _aNovel Malayalam
650 _aLiterature Malayalam
650 _aLiterature
942 _cBK
999 _c26303
_d26303